000 00448nam a2200181Ia 4500
005 20250423094845.0
008 250422s9999 xx 000 0 und d
020 _a0-02-379560-3
050 _aPS 507.M245/
100 _aGeorge McMichael
245 0 _aConcise Anthology of American Literature
260 _aNew York
260 _bMacmillan Publishing Co., Inc.
260 _c1974
300 _a2007 p
650 _aLiterature
942 _cBK
999 _c28505
_d28505